00881nam a2200241 u 450000100100000000500170001000800410002702000150006804000250008304100390010808200130014710000290016024000410018924500770023026000380030730000210034550000340036653400640040070000320046404900090049695201170050599900170062200002303420200930021938.0101124s1986 mx 000 0 spa d a968409341x aDO-SdBNPbspacBNPHU17aspaheng2Código de idiomas MARC ann*bnn*1 aJones, Charles A.94739410aThe north-south dialogue.lEspañol13aEl diálogo norte-sur :bCharles A. Jones ; traducción Laura Garibay. aMéxico, D. F. :bEdamex,c1986. a225 p. ;c21 cm. aIncluye índice analítico. aTítulo de la obra en inglés :tThe north-south dialogue1 aGaribay, Laura,etr.945596 aBNGR 001054708MOaGRbGRcCTd2010-11-24iLF1l0onn* nn*p23034-10r2020-06-25w2020-06-25y4ZPréstamo en sala c22531d22531